000 00429pab a2200157 454500
008 180718b1998 xxu||||| |||| 00| 0 eng d
100 _aVenugopal Reddy, Y.
245 _aIndian economy retrospect and prospects
260 _c1998
300 _ap.341-50
362 _aDec
650 _aEconomic and social development - India
650 _aEconomic and social development
773 _aAsian Economic Review
909 _a40293
999 _c40293
_d40293